000 00489nam a2200145Ia 4500
008 100204s9999 xx 000 0 und d
082 _b2199
100 _a"जोग, कुलकर्णी, भागवत"
245 _aमराठी समीक्षा
260 _bमुंबई विश्वविद्यालय
_c1972
300 _a176
630 _aमराठी समीक्षा
730 _aमराठी समीक्षा
942 _cBOOK
999 _c447301
_d447298